|
|
|
|
| LEADER |
01143nam a2200289 a 4500 |
| 001 |
c000183686 |
| 003 |
CARM |
| 005 |
20050607131215.0 |
| 008 |
881107s1989 nyua 001 0 eng |
| 019 |
1 |
|
|a 6144177
|5 LACONCORD2021
|
| 020 |
|
|
|a 0471617725
|
| 035 |
|
|
|a (OCoLC)18814500
|5 LACONCORD2021
|
| 040 |
|
|
|a LC
|b eng
|c LC
|d LC
|
| 050 |
0 |
0 |
|a QA76.8.M3
|b A23 1989
|
| 082 |
0 |
0 |
|a 005.265
|2 19
|
| 100 |
1 |
|
|a Abernethy, Ken.
|
| 245 |
1 |
0 |
|a Exploring Macintosh :
|b concepts in visually oriented computing /
|c Ken Abernethy, T. Ray Nanney, Hayden Porter.
|
| 260 |
|
|
|a New York :
|b J. Wiley,
|c c1989.
|
| 300 |
|
|
|a xiv, 591 p. :
|b ill. ;
|c 26 cm.
|
| 500 |
|
|
|a Includes index.
|
| 500 |
|
|
|a "Microsoft works 2.0 update supplement to accompany: Exploring Macintosh" (29 p. : ill. ; 22 cm) inserted at end.
|
| 650 |
|
0 |
|a Macintosh (Computer)
|x Programming.
|
| 700 |
1 |
|
|a Porter, Hayden.
|
| 700 |
1 |
|
|a Nanney, T. Ray,.
|
| 852 |
8 |
|
|b CARM
|h A2:AR08C0
|i D07968
|p 0255961
|f BK
|
| 999 |
f |
f |
|i 007b4882-238c-5860-9e25-68baac379319
|s 0a8e7e81-279b-5250-b303-e89323a49c1d
|
| 952 |
f |
f |
|p Can circulate
|a CAVAL
|b CAVAL
|c CAVAL
|d CARM 1 Store
|e D07968
|f A2:AR08C0
|h Other scheme
|i book
|m 0255961
|